| 000 | 02767cam a22002414a 4500 | ||
|---|---|---|---|
| 005 | 20250605164106.0 | ||
| 008 | 250528s ||||||||||||||||||||||||d | ||
| 035 | _a17760 | ||
| 020 | _a9789603949664 | ||
| 040 |
_aGR-AtMCL _bgre _dGR-AtMCL _eAACR2 |
||
| 245 | 1 | _aΚλινική Διαχείριση για Νευρολογικές Καταστάσεις / Τρίτη Έκδοση: Πρώτη Ελληνική Έκδοση | |
| 250 | _a3η | ||
| 260 |
_bΕκδόσεις Παρισιάνου, _c2011 |
||
| 300 | _a408 | ||
| 520 | _aΤο μοναδικό βιβλίο για φυσικοθεραπευτές που προσφέρει μια συνολική επισκόπηση των βασικών αρχών της νευρολογικής Αποκατάστασης, συγκεκριμένων νευρολογικών/ νευρομυϊκών καταστάσεων και των σχετικών φυσικοθεραπευτικών προσεγγίσεων που εφαρμόζονται για την αντιμετώπιση τους. Πρόλογος, Νευρολογικές και Νευρομυϊκές Καταστάσεις, Αγγειακό Εγκεφαλικό Επεισόδιο (ΑΕΕ), Επίκτητη Εγκεφαλική Βλάβη: Τραυματισμός και Παθολογία, Κάκωση Νωτιαίου Μυελού, Σκλήρυνση Κατά Πλάκας, Νόσος Parkinson, Νόσος Huntington, Νόσος Κινητικού Νευρώνα, Πολυνευροπάθειες, Μυϊκές Διαταραχές, Θεραπευτικές Προσεγγίσεις στη Νευρολογική Αποκατάσταση, Η Θεωρητική Βάση για την Τεκμηριωμένη Νευρολογική Φυσικοθεραπεία, Εξειδικευμένες Τεχνικές Αγωγής, Αιθουσαία Αποκατάσταση, Κλινική Διαχείριση της Μεταβολής του Τόνου και της Κινητικότητας, Αναπνευστική Διαχείριση στη Νευρολογική Αποκατάσταση, Η Κλινική Νευροψυχολογία στην Αποκατάσταση, Απόκτηση Δεξιοτήτων και Εκμάθηση, Η Σωματική Δραστηριότητα και Άσκηση στη Νευρολογική Αποκατάσταση, Αυτοδιαχείριση, Οι Πτώσεις και η Διαχείριση τους, Παραρτήματα, Ευρετήριο. | ||
| 700 | 1 |
_aStack Emma _93966 |
|
| 700 | 1 |
_aStokes Maria _93967 |
|
| 700 | 1 |
_aΚοτταράς Σταύρος _93968 |
|
| 700 | 1 |
_aΜαυρομούστακος Σάββας _93969 |
|
| 942 | _cBK | ||
| 999 |
_c3160 _d3160 |
||